[Event "Panellinio Protathlima op 1st"]
[Site "Greece"]
[Date "2007.06.23"]
[Round "5"]
[White "Koutroupas, Konstantinos"]
[Black "Kadoglou, Nikolaos"]
[Result "1-0"]
[WhiteElo "1860"]
[BlackElo "2009"]
[PlyCount "95"]
[EventDate "2007.06.20"]
[EventType "swiss"]
[EventRounds "7"]
[EventCountry "GRE"]
[SourceTitle "EXT 2009"]
[Source "ChessBase"]
[SourceDate "2008.11.26"]
[SourceVersion "1"]
[SourceVersionDate "2008.11.26"]
[SourceQuality "1"]

1. e4 Nf6 2. e5 Nd5 3. d4 d6 4. f4 dxe5 5. fxe5 Nc6 6. c3 Bf5 7. Nf3 e6 8. Bd3 Nce7 9. 0-0 Qd7 10. a3 Bg4 11. Qe1 Bxf3 12. Rxf3 Ng6 13. Nd2 Be7 14. Ne4 Rf8 15. Qg3 0-0-0 16. Qf2 f6 17. exf6 gxf6 18. Bh6 Rf7 19. Rd1 f5 20. Nd2 Bf8 21. Bg5 Be7 22. Bxe7 Qxe7 23. Re1 Qd7 24. Nc4 Nde7 25. Rfe3 Rf6 26. g3 Nc6 27. b4 Re8 28. Qf3 Rff8 29. b5 Nd8 30. a4 Nf7 31. Na5 Nd6 32. c4 f4 33. gxf4 Nxf4 34. Be4 Nd5 35. Qh1 Nxe3 36. Bxb7+ Nxb7 37. Qxb7+ Kd8 38. Nc6+ Qxc6 39. Qxc6 Rg8+ 40. Kh1 Ref8 41. Qxe6 Ng4 42. h3 Nf2+ 43. Kh2 Nd3 44. Qd5+ Kc8 45. Qa8+ Kd7 46. Qc6+ Kd8 47. Re2 Rg6 48. Qa8+ 1-0